MARC детайли
| 000 -Лидер |
| Контролно поле с фиксирана дължина |
02689nam a2200469 c 4500 |
| 003 - Код на организацията, давaща контролен номер |
| Контролно поле |
BLK |
| 005 - Дата и час на последна редакция |
| Контролно поле |
20180420220833.0 |
| 008 - Елементи от данни с фиксирана дължина |
| fixed length control field |
180408b bul|||||r ||||||| ||bul|| |
| 010 ## - Наследен системен номер |
| LC control number |
KNG00038166000 |
| 020 ## - Международен стандартен номер на книга ISBN |
| Международен стандартен номер на книга ISBN |
978-954-91701-7-7 |
| -- |
издат.: Бълг. аграрен съюз |
| 040 ## - Източник на каталожния запис |
| Идентификатор на билиотеката - собственик на записа |
BLK |
| 041 ## - Код за език |
| Код за езика на текст/звукозапис или на отделно заглавие |
Български |
| Код за езика КДБФ |
Български |
| 072 #7 - Код за тематичната категория |
| Код организация |
bullib |
| Код за тематична категория |
Н34 |
| Текст |
Право Н |
| 072 #7 - Код за тематичната категория |
| Код организация |
bullib |
| Код за тематична категория |
Н92 |
| Текст |
История Н |
| 080 ## - УДК |
| Текстов определител УДК |
Собственост. Приватизация и реституция (правни проблеми) -Придобиване, прехвърляне, загуба на собственост, съсобственост, ограничаване на правото на собственост и др. |
| УДК код - определител по УДК |
347.23 |
| УДК определител |
(497.2)(091) |
| УДК - код + определител |
347.23(497.2)(091) |
| 080 ## - УДК |
| Текстов определител УДК |
Денационализация (земя). Приватизация (земя)(Вж и 338.242. 4. 025. 87 ; 339. 13. 025. 87) |
| УДК код - определител по УДК |
332.26.025.88 |
| УДК определител |
(497.2) |
| УДК - код + определител |
332.26.025.88(497.2) |
| 080 ## - УДК |
| Текстов определител УДК |
Народна Република България (1946 - 1990) |
| УДК код - определител по УДК |
94(497.2)"1946/1990" |
| УДК определител |
(092) |
| УДК - код + определител |
94(497.2)"1946/1990"(092) |
| 080 ## - УДК |
| Текстов определител УДК |
Симеон ІІ. Цар на българите през 1943-1946 г. и министър-председател на България в 85-то правителство 2001-2005 г. |
| УДК код - определител по УДК |
929 Сакскобургготски, Симеон Борисов |
| УДК определител |
|
| УДК - код + определител |
929 Сакскобургготски, Симеон Борисов |
| 100 1# - Редна дума - Автор |
| Автор |
Димов, Ангел Георгиев |
| Авторска отговорност |
първи автор |
| R(LIN) |
262087 |
| 139 ## - Редно поле |
| Редна дума |
Димов, Ангел Георгиев |
| Авторски знак |
Димо - Д 60 |
| 245 10 - Сведения за заглавието |
| Заглавие |
Българските "царски имоти" |
| Редно поле (дума) |
Ангел Георгиев Димов. |
| 257 ## - Страна на издаване |
| Страна на създаване/издаване |
България |
| 260 ## - Област на издателските данни |
| -- |
София |
| Име на издателя, разпространителя и проч. |
Бълг. аграрен съюз |
| Година на издаване |
2010 |
| Печатница |
Варна : Екстрийм България |
| 300 ## - Физическа характеристика |
| Страници |
120 с. |
| Размери/Мащаб |
20 см |
| 380 ## - Жанр |
| Жанр |
Обществени науки |
| 500 ## - Общи забележки |
| Забележка |
Библиогр. с. 118-120. |
| 600 14 - Име на лице, използвано като предмет |
| За него / За нея |
Сакскобургготски, Симеон Борисов |
| 9 (RLIN) |
118531 |
| 650 #4 - Допълнително описание по предмет – тема |
| Основно описание – тема или топоним |
Недвижима собственост - България |
| 9 (RLIN) |
267033 |
| 650 #4 - Допълнително описание по предмет – тема |
| Основно описание – тема или топоним |
Реституция - България - правни въпроси |
| 9 (RLIN) |
259555 |
| 650 #4 - Допълнително описание по предмет – тема |
| Основно описание – тема или топоним |
Сакскобургготски, Симеон Борисов |
| 9 (RLIN) |
118531 |
| 651 #4 - Допълнително описание по предмет - топоним |
| Географско понятие |
България |
| 9 (RLIN) |
241624 |
| 653 ## - Ключова дума – ненормативна |
| Ключова дума |
недвижима собственост |
| 653 ## - Ключова дума – ненормативна |
| Ключова дума |
реституция |
| 653 ## - Ключова дума – ненормативна |
| Ключова дума |
Симеон ІІ |
| 653 ## - Ключова дума – ненормативна |
| Ключова дума |
Симеон Сакскобургготски |
| 659 ## - Тематичен бюлетин |
| Тематичен бюлетин |
Н |
| 852 ## - Местоположение |
| Форматна сигнатура |
Цб 251688 |
| 856 4# - Електронен адрес и достъп |
| Електронен формат |
pdf - файл |
| Път до файла /url/ |
|
| 856 4# - Електронен адрес и достъп |
| Електронен формат |
pdf - файл |
| Път до файла /url/ |
|
| 942 ## - АРТИКУЛИ |
| Вид на библиотечния материал |
Книги |
| Скрит в OPAC |
Не |
| 944 ## - СЪЗДАВАНЕ И РЕДАКЦИЯ на ЗАПИСА |
| Създаване/Редакция |
Създаване |
| Дата на регистрацията/редакция |
13.05.2011 |
| Статус, дата на статуса |
ф / |
| Служител, извършил регистрацията/редакцията |
Милена_Ачева |
| 944 ## - СЪЗДАВАНЕ И РЕДАКЦИЯ на ЗАПИСА |
| Създаване/Редакция |
Редакция |
| Дата на регистрацията/редакция |
12.05.2015 |
| Статус, дата на статуса |
ф / |
| Служител, извършил регистрацията/редакцията |
Людмила_Стоянова |
| 999 ## - СИСТЕМНИ КОНТРОЛНИ НОМЕРА |
| Koha biblionumber |
35433 |
| Koha biblioitemnumber |
35433 |